[Event "POL vs HUN Blitz"]
[Site "Katowice POL"]
[Date "2020.09.12"]
[Round "2.7"]
[White "Herwy, Jakub"]
[Black "Golubka, Petro"]
[Result "0-1"]
[WhiteElo "1754"]
[BlackElo "2488"]
[WhiteFideId "-1"]
[BlackFideId "-1"]
[PlyCount "140"]
[GameId "2130307593254789"]
[EventDate "2020.09.12"]
[EventType "swiss (blitz)"]
[EventRounds "13"]
[EventCountry "POL"]
[SourceTitle "10 Days #627"]
[Source "ChessMix"]
[SourceDate "2020.09.20"]
[SourceVersion "1"]
[SourceVersionDate "2020.09.20"]
[SourceQuality "1"]

1. e4 c5 2. d3 Nc6 3. Be2 g6 4. f4 Bg7 5. Nf3 d6 6. O-O f5 7. c3 Nh6 8. Na3 O-O 9. Be3 Ng4 10. Bd2 e5 11. h3 Nf6 12. fxe5 dxe5 13. exf5 gxf5 14. Be3 b6 15. Nc4 Nd5 16. Bg5 Qe8 17. Qb3 Be6 18. Rae1 h6 19. Bc1 Qe7 20. Qb5 Qc7 21. Bd1 Rfe8 22. Ba4 Nde7 23. d4 cxd4 24. cxd4 e4 25. Nce5 Bd5 26. Nxc6 Qxc6 27. Qxc6 Bxc6 28. Bb3+ Bd5 29. Ne5 Bxb3 30. axb3 Rad8 31. Be3 Kh7 32. Rc1 Nd5 33. Bf4 Rc8 34. Rxc8 Rxc8 35. g3 Rc2 36. Rf2 Rxf2 37. Kxf2 Bxe5 38. Bxe5 h5 39. Ke2 Kg6 40. h4 Kf7 41. Kd2 a5 42. Ke2 Ke8 43. Kd2 Kd7 44. Ke2 Kc6 45. Kd2 Kb5 46. Kc2 a4 47. bxa4+ Kxa4 48. b3+ Ka3 49. Bd6+ Ka2 50. b4 b5 51. Bc5 e3 52. Bd6 Ka3 53. Kd3 Kb3 54. Bf4 Kxb4 55. Bxe3 Nxe3 56. Kxe3 Kc4 57. Kf4 Kxd4 58. Kxf5 b4 59. Kg5 b3 60. Kxh5 b2 61. Kg6 b1=Q+ 62. Kf6 Qb6+ 63. Kg7 Qc7+ 64. Kh6 Qxg3 65. h5 Ke5 66. Kh7 Kf6 67. h6 Kf7 68. Kh8 Qe5+ 69. Kh7 Qg5 70. Kh8 Qxh6# 0-1

[Event "POL vs HUN Blitz"]
[Site "Katowice POL"]
[Date "2020.09.12"]
[Round "3.7"]
[White "Golubka, Petro"]
[Black "Masternak, Aleksander"]
[Result "1-0"]
[WhiteElo "2488"]
[BlackElo "2193"]
[WhiteFideId "-1"]
[BlackFideId "-1"]
[PlyCount "71"]
[GameId "2130307593254799"]
[EventDate "2020.09.12"]
[EventType "swiss (blitz)"]
[EventRounds "13"]
[EventCountry "POL"]
[SourceTitle "10 Days #627"]
[Source "ChessMix"]
[SourceDate "2020.09.20"]
[SourceVersion "1"]
[SourceVersionDate "2020.09.20"]
[SourceQuality "1"]

1. d4 Nf6 2. Bg5 e6 3. Nd2 c5 4. e3 cxd4 5. exd4 Be7 6. Ngf3 b6 7. Bd3 Bb7 8. c3 O-O 9. Qe2 Nd5 10. h4 f5 11. g3 Nc6 12. a3 Rc8 13. Kf1 Nf6 14. h5 Ng4 15. Bf4 Bf6 16. Bd6 Re8 17. Bc4 Kh8 18. h6 g6 19. Ba6 Bxa6 20. Qxa6 e5 21. dxe5 Ncxe5 22. Bxe5 Nxe5 23. Nxe5 Rxe5 24. Nf3 Re4 25. Kg2 Rc7 26. Rhe1 d5 27. Rad1 Rd7 28. Qd3 Kg8 29. Nd2 Re8 30. Rxe8+ Qxe8 31. Nf3 Qe4 32. Qb5 Rd8 33. Qc6 Qe7 34. Rxd5 Rxd5 35. Qxd5+ Kf8 36. a4 1-0

[Event "POL vs HUN Blitz"]
[Site "Katowice POL"]
[Date "2020.09.12"]
[Round "4.7"]
[White "Faron, Rafal"]
[Black "Golubka, Petro"]
[Result "1/2-1/2"]
[WhiteElo "2168"]
[BlackElo "2488"]
[WhiteFideId "-1"]
[BlackFideId "-1"]
[PlyCount "120"]
[GameId "2130307593258905"]
[EventDate "2020.09.12"]
[EventType "swiss (blitz)"]
[EventRounds "13"]
[EventCountry "POL"]
[SourceTitle "10 Days #627"]
[Source "ChessMix"]
[SourceDate "2020.09.20"]
[SourceVersion "1"]
[SourceVersionDate "2020.09.20"]
[SourceQuality "1"]

1. c4 e6 2. g3 f5 3. Bg2 Nf6 4. Nc3 Bb4 5. e3 Bxc3 6. bxc3 O-O 7. Ne2 d6 8. Rb1 Nc6 9. O-O e5 10. d3 Kh8 11. Ba3 Qe8 12. c5 d5 13. d4 e4 14. c4 Qf7 15. cxd5 Nxd5 16. Qc2 Rb8 17. Nc3 Be6 18. Nxd5 Bxd5 19. Rb2 Rfc8 20. Rfb1 b5 21. Rxb5 Rxb5 22. Rxb5 Bxa2 23. Bf1 Bd5 24. Bc1 h6 25. Bd2 Re8 26. Qa4 Qe6 27. Rb1 Kh7 28. Bb5 Rb8 29. Qc2 Ne7 30. Bf1 Rxb1 31. Qxb1 Qc8 32. Qb5 c6 33. Qa4 Qb7 34. Qa5 Ng8 35. Qb4 Qxb4 36. Bxb4 Nf6 37. Be2 Kg8 38. Ba5 Ne8 39. Kf1 Kf7 40. Ke1 g6 41. Kd2 Ke6 42. Kc3 Kd7 43. h4 Nf6 44. Kb2 g5 45. hxg5 hxg5 46. Kc2 Be6 47. Kb2 Bf7 48. Kc2 Bh5 49. Bf1 Bf3 50. Be1 Nd5 51. Bc4 Nf6 52. Kb3 Bh5 53. Kc2 Be8 54. Kb2 Ke7 55. Kc2 Bd7 56. Kb2 Be6 57. Bf1 Kd7 58. Ka3 Kc7 59. Ba5+ Kd7 60. Be1 Bd5 1/2-1/2

[Event "POL vs HUN Blitz"]
[Site "Katowice POL"]
[Date "2020.09.12"]
[Round "5.6"]
[White "Golubka, Petro"]
[Black "Szczurek, Krzysztof"]
[Result "1/2-1/2"]
[WhiteElo "2488"]
[BlackElo "2031"]
[WhiteFideId "-1"]
[BlackFideId "-1"]
[PlyCount "101"]
[GameId "2130307593258914"]
[EventDate "2020.09.12"]
[EventType "swiss (blitz)"]
[EventRounds "13"]
[EventCountry "POL"]
[SourceTitle "10 Days #627"]
[Source "ChessMix"]
[SourceDate "2020.09.20"]
[SourceVersion "1"]
[SourceVersionDate "2020.09.20"]
[SourceQuality "1"]

1. d4 Nf6 2. Bg5 Ne4 3. Bf4 d5 4. Nd2 Nxd2 5. Qxd2 e6 6. Nf3 Bd6 7. Bxd6 cxd6 8. h4 Nc6 9. h5 h6 10. c3 Bd7 11. e3 Qf6 12. Bd3 O-O-O 13. e4 dxe4 14. Bxe4 d5 15. Bd3 e5 16. Bb5 e4 17. Ng1 Kb8 18. Bxc6 Bxc6 19. Ne2 Rde8 20. Qf4+ Qxf4 21. Nxf4 Kc7 22. Kd2 Kd6 23. Ke3 b5 24. a3 a5 25. b4 a4 26. Rh3 Rc8 27. Rg3 Rhg8 28. Kd2 Bd7 29. Rh1 Rce8 30. Ne2 Ref8 31. Rh4 f5 32. Rg6+ Rf6 33. Rxf6+ gxf6 34. Nf4 Be8 35. Rh3 Rg4 36. Ke3 Rg5 37. Rh2 Bf7 38. g3 Rg8 39. Rh4 Rg5 40. Nh3 Rxh5 41. Nf4 Rxh4 42. gxh4 h5 43. Ne2 Ke6 44. Kf4 Be8 45. Ng3 Bg6 46. Nf1 Bf7 47. Ne3 Bg6 48. Kg3 Be8 49. Ng2 Kd6 50. Nf4 Bf7 51. Kg2 1/2-1/2

[Event "POL vs HUN Blitz"]
[Site "Katowice POL"]
[Date "2020.09.12"]
[Round "6.5"]
[White "Krasenkova, Ilena"]
[Black "Golubka, Petro"]
[Result "0-1"]
[WhiteElo "2178"]
[BlackElo "2488"]
[WhiteFideId "-1"]
[BlackFideId "-1"]
[PlyCount "36"]
[GameId "2130307593258923"]
[EventDate "2020.09.12"]
[EventType "swiss (blitz)"]
[EventRounds "13"]
[EventCountry "POL"]
[SourceTitle "10 Days #627"]
[Source "ChessMix"]
[SourceDate "2020.09.20"]
[SourceVersion "1"]
[SourceVersionDate "2020.09.20"]
[SourceQuality "1"]

1. d4 b6 2. c4 Bb7 3. Nc3 e6 4. e4 Bb4 5. Bd3 Nc6 6. Nge2 Nge7 7. O-O Bxc3 8. bxc3 Na5 9. f4 f5 10. Ng3 O-O 11. d5 c5 12. Qh5 Qe8 13. Qe2 Rd8 14. d6 Ng6 15. exf5 exf5 16. Qxe8 Rfxe8 17. Bxf5 Ba6 18. Bd3 Re6 0-1

[Event "POL vs HUN Blitz"]
[Site "Katowice POL"]
[Date "2020.09.12"]
[Round "7.4"]
[White "Golubka, Petro"]
[Black "Jarmula, Lukasz"]
[Result "1/2-1/2"]
[WhiteElo "2488"]
[BlackElo "2444"]
[WhiteFideId "-1"]
[BlackFideId "-1"]
[PlyCount "113"]
[GameId "2130307593258932"]
[EventDate "2020.09.12"]
[EventType "swiss (blitz)"]
[EventRounds "13"]
[EventCountry "POL"]
[SourceTitle "10 Days #627"]
[Source "ChessMix"]
[SourceDate "2020.09.20"]
[SourceVersion "1"]
[SourceVersionDate "2020.09.20"]
[SourceQuality "1"]

1. d4 d5 2. Nf3 e6 3. Bf4 Bd6 4. e3 Nf6 5. Bd3 c5 6. dxc5 Bxc5 7. O-O O-O 8. c4 Nc6 9. Nc3 a6 10. cxd5 exd5 11. Rc1 Ba7 12. Ne5 Be6 13. Nxc6 bxc6 14. Na4 Qd7 15. Bxa6 d4 16. Bc4 dxe3 17. fxe3 Nd5 18. Bxd5 Bxd5 19. Nc3 Rad8 20. Nxd5 cxd5 21. Kh1 Qe6 22. Re1 Bb8 23. Bxb8 Rxb8 24. Qd4 Rfe8 25. b3 Rbd8 26. h3 h6 27. a4 Qg6 28. Qg4 Qxg4 29. hxg4 Rb8 30. Rb1 Re4 31. Kg1 Reb4 32. Kf2 Rxb3 33. Rxb3 Rxb3 34. Ra1 Rb6 35. a5 Ra6 36. Ke2 Kf8 37. Kd3 Ke7 38. Kd4 Kd6 39. Ra2 f6 40. g3 Kc6 41. Rc2+ Kd6 42. Rc5 Ke6 43. Rxd5 g5 44. e4 Ra8 45. Kc4 Rc8+ 46. Rc5 Ra8 47. Kb4 Kd6 48. Rf5 Ke6 49. Kb5 Rb8+ 50. Kc6 Rb4 51. a6 Rxe4 52. Ra5 Rc4+ 53. Kb5 Rc8 54. a7 Ra8 55. Kc6 f5 56. gxf5+ Kf6 57. g4 1/2-1/2

[Event "POL vs HUN Blitz"]
[Site "Katowice POL"]
[Date "2020.09.12"]
[Round "9.1"]
[White "Janik, Igor"]
[Black "Golubka, Petro"]
[Result "1-0"]
[WhiteElo "2470"]
[BlackElo "2488"]
[WhiteFideId "-1"]
[BlackFideId "-1"]
[PlyCount "24"]
[GameId "2130307593258949"]
[EventDate "2020.09.12"]
[EventType "swiss (blitz)"]
[EventRounds "13"]
[EventCountry "POL"]
[SourceTitle "10 Days #627"]
[Source "ChessMix"]
[SourceDate "2020.09.20"]
[SourceVersion "1"]
[SourceVersionDate "2020.09.20"]
[SourceQuality "1"]

1. e4 c5 2. Nf3 e6 3. g3 Nc6 4. Bg2 Nf6 5. Qe2 d6 6. O-O Be7 7. c3 e5 8. h3 O-O 9. d4 cxd4 10. cxd4 exd4 11. Rd1 Qb6 12. Na3 d5 1-0

[Event "POL vs HUN Blitz"]
[Site "Katowice POL"]
[Date "2020.09.12"]
[Round "10.2"]
[White "Golubka, Petro"]
[Black "Jakubowski, Krzysztof"]
[Result "1/2-1/2"]
[WhiteElo "2488"]
[BlackElo "2481"]
[WhiteFideId "-1"]
[BlackFideId "-1"]
[PlyCount "66"]
[GameId "2130307593258960"]
[EventDate "2020.09.12"]
[EventType "swiss (blitz)"]
[EventRounds "13"]
[EventCountry "POL"]
[SourceTitle "10 Days #627"]
[Source "ChessMix"]
[SourceDate "2020.09.20"]
[SourceVersion "1"]
[SourceVersionDate "2020.09.20"]
[SourceQuality "1"]

1. e4 c5 2. Nf3 e6 3. Nc3 a6 4. d4 cxd4 5. Nxd4 b5 6. Bd3 Ne7 7. O-O Nec6 8. Nb3 Be7 9. f4 O-O 10. Kh1 d6 11. Be3 Nd7 12. Qf3 Qc7 13. Qh3 g6 14. f5 b4 15. Ne2 exf5 16. exf5 Nde5 17. Nf4 Nxd3 18. Nd5 Qb7 19. cxd3 Ne5 20. Nb6 Bxf5 21. Rxf5 gxf5 22. Nxa8 Rxa8 23. Qxf5 Bf8 24. d4 Ng6 25. Bf2 Re8 26. Kg1 Re2 27. Rb1 Bg7 28. Nc1 Nh4 29. Qg4 Re4 30. Qh3 Bxd4 31. Bxd4 Rxd4 32. Ne2 Re4 33. Ng3 Rc4 1/2-1/2

[Event "POL vs HUN Blitz"]
[Site "Katowice POL"]
[Date "2020.09.12"]
[Round "11.2"]
[White "Teclaf, Pawel"]
[Black "Golubka, Petro"]
[Result "1-0"]
[WhiteElo "2464"]
[BlackElo "2488"]
[WhiteFideId "-1"]
[BlackFideId "-1"]
[PlyCount "57"]
[GameId "2130307593258970"]
[EventDate "2020.09.12"]
[EventType "swiss (blitz)"]
[EventRounds "13"]
[EventCountry "POL"]
[SourceTitle "10 Days #627"]
[Source "ChessMix"]
[SourceDate "2020.09.20"]
[SourceVersion "1"]
[SourceVersionDate "2020.09.20"]
[SourceQuality "1"]

1. e4 c5 2. Nf3 e6 3. d4 cxd4 4. Nxd4 a6 5. Be2 Nf6 6. Nc3 Bb4 7. Qd3 O-O 8. O-O d6 9. f3 Nbd7 10. a3 Bc5 11. Be3 b5 12. b4 Ba7 13. a4 bxa4 14. Nxa4 d5 15. Nc6 Bxe3+ 16. Qxe3 Qc7 17. Ne7+ Kh8 18. exd5 exd5 19. Nxc8 Rfxc8 20. Bd3 Qd6 21. Qd4 Rab8 22. c3 Ne5 23. Nc5 a5 24. Rxa5 Nc6 25. Ra6 Qd8 26. Qh4 d4 27. Bf5 Rc7 28. Nd7 g6 29. Nxb8 1-0

[Event "POL vs HUN Blitz"]
[Site "Katowice POL"]
[Date "2020.09.12"]
[Round "12.6"]
[White "Golubka, Petro"]
[Black "Jakubowska, Anna"]
[Result "1/2-1/2"]
[WhiteElo "2488"]
[BlackElo "2073"]
[WhiteFideId "-1"]
[BlackFideId "-1"]
[PlyCount "92"]
[GameId "2130307593258984"]
[EventDate "2020.09.12"]
[EventType "swiss (blitz)"]
[EventRounds "13"]
[EventCountry "POL"]
[SourceTitle "10 Days #627"]
[Source "ChessMix"]
[SourceDate "2020.09.20"]
[SourceVersion "1"]
[SourceVersionDate "2020.09.20"]
[SourceQuality "1"]

1. d4 d5 2. Nf3 Nf6 3. Bf4 c6 4. e3 Bg4 5. Be2 e6 6. O-O Be7 7. a4 O-O 8. h3 Bxf3 9. Bxf3 Nbd7 10. a5 c5 11. c3 Rc8 12. Qa4 c4 13. Nd2 h6 14. Rfb1 Re8 15. b3 cxb3 16. Qxb3 b6 17. c4 bxa5 18. cxd5 Bb4 19. dxe6 Rxe6 20. Nc4 Ne4 21. Bxe4 Rxe4 22. Nd6 Rxf4 23. Nxc8 Rf6 24. Nxa7 Qb6 25. Qa4 Nf8 26. Nb5 Rg6 27. e4 Qe6 28. Qb3 Qxe4 29. g3 Ne6 30. Qe3 Qf5 31. Nc3 Nf4 32. Ne4 Nxh3+ 33. Kh2 Be7 34. Rb8+ Kh7 35. Rab1 a4 36. R8b7 Bg5 37. Nxg5+ Nxg5 38. Kg2 Qh3+ 39. Kg1 Qf5 40. R7b5 Qh3 41. d5 Qg4 42. d6 Nf3+ 43. Kg2 Nh4+ 44. Kg1 Nf3+ 45. Kg2 Nh4+ 46. Kg1 Nf3+ 1/2-1/2

[Event "POL vs HUN Blitz"]
[Site "Katowice POL"]
[Date "2020.09.12"]
[Round "13.7"]
[White "Flak, Pawel"]
[Black "Golubka, Petro"]
[Result "0-1"]
[WhiteElo "2189"]
[BlackElo "2488"]
[WhiteFideId "-1"]
[BlackFideId "-1"]
[PlyCount "94"]
[GameId "2130307593263091"]
[EventDate "2020.09.12"]
[EventType "swiss (blitz)"]
[EventRounds "13"]
[EventCountry "POL"]
[SourceTitle "10 Days #627"]
[Source "ChessMix"]
[SourceDate "2020.09.20"]
[SourceVersion "1"]
[SourceVersionDate "2020.09.20"]
[SourceQuality "1"]

1. d4 b5 2. a4 b4 3. c4 bxc3 4. Nxc3 d5 5. e4 e6 6. Bb5+ c6 7. Bd3 Nf6 8. Nf3 Ba6 9. O-O Be7 10. Re1 O-O 11. Bf4 Qa5 12. Bb1 Nbd7 13. e5 Ne8 14. Qc2 g6 15. h4 Ng7 16. g4 f5 17. exf6 Nxf6 18. Bg5 Nxg4 19. Bxe7 Rxf3 20. Qd1 Rf7 21. Qxg4 Rxe7 22. Bc2 Rf8 23. Re3 Qb4 24. Rb1 c5 25. Ne2 Bxe2 26. Rxe2 Qxd4 27. Qxd4 cxd4 28. Rd1 Rb8 29. b3 Rb4 30. Kg2 Kf7 31. Kf3 e5 32. Rde1 Kf6 33. Kg4 h5+ 34. Kh3 e4 35. Bd1 Nf5 36. Rg1 d3 37. Rd2 a5 38. f3 Rg7 39. fxe4 dxe4 40. Re1 Re7 41. Kg2 Nxh4+ 42. Kf2 Nf5 43. Kg2 Rd4 44. Kf1 e3 45. Rb2 e2+ 46. Bxe2 dxe2+ 47. Rbxe2 Ng3+ 0-1

[Event "Krakow POL, Ekstraliga 2020"]
[Site "Krakow POL"]
[Date "2020.08.26"]
[Round "1.5"]
[White "Moranda, Wojciech"]
[Black "Golubka, Petro"]
[Result "1-0"]
[WhiteElo "2605"]
[BlackElo "2495"]
[WhiteFideId "-1"]
[BlackFideId "-1"]
[PlyCount "87"]
[GameId "2130307593739837"]
[EventDate "2020.08.26"]
[EventType "team-tourn"]
[EventRounds "9"]
[EventCountry "POL"]
[SourceTitle "10 Days #626"]
[Source "ChessMix"]
[SourceDate "2020.09.10"]
[SourceVersion "1"]
[SourceVersionDate "2020.09.10"]
[SourceQuality "1"]
[WhiteTeam "Wieza Pegow"]
[BlackTeam "KSz Hetman Plock"]

1. d4 Nf6 2. c4 e6 3. Nf3 b6 4. g3 Bb7 5. Bg2 Be7 6. O-O O-O 7. Re1 Re8 8. Nc3 Bb4 9. Qc2 Bxc3 10. Qxc3 a5 11. Bf4 d6 12. Rad1 Nbd7 13. b3 Qe7 14. Bc1 Ra7 15. a3 Qf8 16. Bb2 h6 17. Bh3 Be4 18. Nd2 Bf5 19. Bg2 d5 20. h3 c5 21. cxd5 exd5 22. Rc1 Re6 23. Qf3 Bg6 24. e3 a4 25. bxa4 c4 26. Qd1 Qe8 27. Bc3 Nb8 28. Bb4 Qxa4 29. Qxa4 Rxa4 30. e4 Nc6 31. e5 Nxb4 32. axb4 Rxb4 33. Nf1 Ne4 34. f3 Nc5 35. dxc5 bxc5 36. Ne3 Rxe5 37. f4 Rxe3 38. Rxe3 d4 39. Re8+ Kh7 40. Re5 Rb1 41. Rxb1 Bxb1 42. Rxc5 c3 43. Kf2 f5 44. Ke1 1-0

[Event "Krakow POL, Ekstraliga 2020"]
[Site "Krakow POL"]
[Date "2020.08.27"]
[Round "2.1"]
[White "Kryvoruchko, Yuriy"]
[Black "Golubka, Petro"]
[Result "1-0"]
[WhiteElo "2682"]
[BlackElo "2495"]
[WhiteFideId "-1"]
[BlackFideId "-1"]
[PlyCount "115"]
[GameId "2130307593739843"]
[EventDate "2020.08.26"]
[EventType "team-tourn"]
[EventRounds "9"]
[EventCountry "POL"]
[SourceTitle "10 Days #626"]
[Source "ChessMix"]
[SourceDate "2020.09.10"]
[SourceVersion "1"]
[SourceVersionDate "2020.09.10"]
[SourceQuality "1"]
[WhiteTeam "KSz Stilon Gorzow"]
[BlackTeam "KSz Hetman Plock"]

1. e4 c5 2. Nf3 e6 3. d4 cxd4 4. Nxd4 Nc6 5. Nc3 Qc7 6. Be3 a6 7. Qd2 Nf6 8. O-O-O Be7 9. f3 b5 10. Nxc6 dxc6 11. g4 e5 12. h4 Be6 13. Qf2 Rd8 14. Rxd8+ Qxd8 15. Bh3 Nd7 16. g5 Bxh3 17. Rxh3 Nf8 18. Qg3 Qd7 19. Rh1 Qe6 20. Kb1 Nd7 21. Qf2 O-O 22. Ne2 f6 23. Ng3 g6 24. h5 fxg5 25. hxg6 hxg6 26. Rh6 Rd8 27. Nf5 Nf8 28. Nxe7+ Qxe7 29. Qg1 Kg7 30. Rh1 Ne6 31. Qh2 Nf4 32. Qh6+ Kf7 33. b3 Qf6 34. Qh2 Ne6 35. Qh7+ Qg7 36. Qh3 Qf6 37. Bc1 Nf4 38. Qg4 Kg7 39. Qg1 Ne6 40. Qa7+ Kg8 41. Qh7+ Kf8 42. Qb7 c5 43. Qxa6 b4 44. Kb2 Qe7 45. Qe2 Kg7 46. Qh2 Kf6 47. Rg1 Ra8 48. Bxg5+ Nxg5 49. Qh6 Kf7 50. Rxg5 Rg8 51. Rg2 Qf6 52. Rd2 Qc6 53. Qh7+ Rg7 54. Qh3 Ke8 55. Qh8+ Kf7 56. Qd8 Ke6 57. Rd5 c4 58. bxc4 1-0

[Event "Krakow POL, Ekstraliga 2020"]
[Site "Krakow POL"]
[Date "2020.08.29"]
[Round "4.2"]
[White "Wojtaszek, Radoslaw"]
[Black "Golubka, Petro"]
[Result "1-0"]
[WhiteElo "2717"]
[BlackElo "2495"]
[WhiteFideId "-1"]
[BlackFideId "-1"]
[PlyCount "71"]
[GameId "2130307593744004"]
[EventDate "2020.08.26"]
[EventType "team-tourn"]
[EventRounds "9"]
[EventCountry "POL"]
[SourceTitle "10 Days #626"]
[Source "ChessMix"]
[SourceDate "2020.09.10"]
[SourceVersion "1"]
[SourceVersionDate "2020.09.10"]
[SourceQuality "1"]
[WhiteTeam "Wasko HETMAN GKS Katowice"]
[BlackTeam "KSz Hetman Plock"]

1. d4 d5 2. c4 c6 3. Nf3 Nf6 4. Nc3 dxc4 5. a4 Na6 6. e4 Bg4 7. Bxc4 e6 8. Be3 Bb4 9. Qd3 Bxf3 10. gxf3 Nc7 11. Rg1 O-O 12. Kf1 Kh8 13. Ne2 Nh5 14. Rg5 g6 15. Rg2 Bd6 16. Bg5 Be7 17. Bh6 Rg8 18. Bd2 Bf6 19. f4 c5 20. e5 Be7 21. f5 gxf5 22. Qf3 Rxg2 23. Kxg2 Ng7 24. Qxb7 cxd4 25. Ba5 Nge8 26. Rd1 Bc5 27. b4 Rb8 28. Qc6 Bxb4 29. Bxb4 Rxb4 30. Qc5 Qg5+ 31. Kh1 Rxc4 32. Qxc4 Qg4 33. Qd3 Nd5 34. Rg1 Qh4 35. Qxd4 Qh5 36. Qc5 1-0

[Event "Krakow POL, Ekstraliga 2020"]
[Site "Krakow POL"]
[Date "2020.08.31"]
[Round "6.3"]
[White "Harikrishna, Pentala"]
[Black "Golubka, Petro"]
[Result "1/2-1/2"]
[WhiteElo "2732"]
[BlackElo "2495"]
[WhiteFideId "-1"]
[BlackFideId "-1"]
[PlyCount "120"]
[GameId "2130307593744065"]
[EventDate "2020.08.26"]
[EventType "team-tourn"]
[EventRounds "9"]
[EventCountry "POL"]
[SourceTitle "10 Days #626"]
[Source "ChessMix"]
[SourceDate "2020.09.10"]
[SourceVersion "1"]
[SourceVersionDate "2020.09.10"]
[SourceQuality "1"]
[WhiteTeam "VOTUM SA Polonia Wroclaw"]
[BlackTeam "KSz Hetman Plock"]

1. e4 e5 2. Nf3 Nc6 3. Bb5 a6 4. Ba4 d6 5. O-O Bd7 6. c3 g6 7. d4 Bg7 8. Re1 Nge7 9. Be3 O-O 10. dxe5 Nxe5 11. Nxe5 Bxe5 12. Nd2 Bxa4 13. Qxa4 Qe8 14. Qc2 Bg7 15. Nf3 Nc6 16. a4 Ne5 17. Nd4 Qd7 18. Rad1 b5 19. axb5 axb5 20. b3 Rfe8 21. f4 Ng4 22. Bc1 c6 23. h3 Nf6 24. Nf3 Qc7 25. c4 bxc4 26. bxc4 Rad8 27. Bb2 Nh5 28. Bxg7 Nxg7 29. Qf2 d5 30. e5 Ne6 31. cxd5 cxd5 32. Nh2 Qc5 33. Qxc5 Nxc5 34. Ng4 Ne4 35. Rd4 Kg7 36. Ne3 Nc3 37. Kh2 h5 38. Rd3 d4 39. Nc4 Rd5 40. Nd2 Red8 41. Nf3 Na4 42. e6 Nc5 43. Rxd4 Nxe6 44. Rb4 Nd4 45. Rxd4 Rxd4 46. Nxd4 Rxd4 47. Kg3 Ra4 48. Re3 Rb4 49. Kf3 Ra4 50. g4 hxg4+ 51. hxg4 Rb4 52. Re4 Rb3+ 53. Re3 Rb7 54. Ra3 Rb4 55. Kg3 Rc4 56. Rb3 Ra4 57. Rc3 Rb4 58. Ra3 Rc4 59. Rb3 Ra4 60. Rc3 Rb4 1/2-1/2

[Event "Krakow POL, Ekstraliga 2020"]
[Site "Krakow POL"]
[Date "2020.09.01"]
[Round "7.3"]
[White "Golubka, Petro"]
[Black "Huschenbeth, Niclas"]
[Result "1/2-1/2"]
[WhiteElo "2495"]
[BlackElo "2605"]
[WhiteFideId "-1"]
[BlackFideId "-1"]
[PlyCount "69"]
[GameId "2130307593748187"]
[EventDate "2020.08.26"]
[EventType "team-tourn"]
[EventRounds "9"]
[EventCountry "POL"]
[SourceTitle "10 Days #626"]
[Source "ChessMix"]
[SourceDate "2020.09.10"]
[SourceVersion "1"]
[SourceVersionDate "2020.09.10"]
[SourceQuality "1"]
[WhiteTeam "KSz Hetman Plock"]
[BlackTeam "Klub Szachowy Silesia Raciborz"]

1. c4 Nf6 2. Nc3 e5 3. g3 Bb4 4. Bg2 O-O 5. Nf3 Re8 6. O-O e4 7. Ng5 Bxc3 8. dxc3 d6 9. Nh3 h6 10. b3 a5 11. Nf4 a4 12. Be3 b6 13. Bd4 Nbd7 14. Bxf6 Nxf6 15. Nd5 Bb7 16. Nxf6+ Qxf6 17. Qd4 Re5 18. Rfd1 Rae8 19. b4 Bc8 20. Qe3 Qe6 21. Rd4 Bb7 22. c5 dxc5 23. bxc5 Rxc5 24. Rxa4 Qc6 25. Ra3 Rd8 26. Rc1 Rc4 27. h4 Bc8 28. Kh2 Be6 29. Rc2 Qd6 30. Rb3 Qd1 31. Rbb2 Qa1 32. Rb4 Qd1 33. Rxc4 Bxc4 34. Bxe4 Be6 35. c4 1/2-1/2

[Event "Krakow POL, Ekstraliga 2020"]
[Site "Krakow POL"]
[Date "2020.09.02"]
[Round "8.4"]
[White "Matuszewski, Michal"]
[Black "Golubka, Petro"]
[Result "0-1"]
[WhiteElo "2508"]
[BlackElo "2495"]
[WhiteFideId "-1"]
[BlackFideId "-1"]
[PlyCount "66"]
[GameId "2130307593748226"]
[EventDate "2020.08.26"]
[EventType "team-tourn"]
[EventRounds "9"]
[EventCountry "POL"]
[SourceTitle "10 Days #626"]
[Source "ChessMix"]
[SourceDate "2020.09.10"]
[SourceVersion "1"]
[SourceVersionDate "2020.09.10"]
[SourceQuality "1"]
[WhiteTeam "Klub Szachowy Dwie Wieze Krakow"]
[BlackTeam "KSz Hetman Plock"]

1. d4 Nf6 2. Bg5 e6 3. Nd2 h6 4. Bh4 d5 5. e3 c5 6. c3 Nc6 7. Ngf3 Bd7 8. Bd3 Qb6 9. Rb1 Be7 10. O-O Rd8 11. Qe2 a6 12. h3 Qc7 13. Rfe1 b5 14. dxc5 Bxc5 15. b4 Bd6 16. e4 g5 17. Nxg5 hxg5 18. Bxg5 Be7 19. Bxf6 Bxf6 20. exd5 Ne5 21. Ne4 Bg7 22. Rbd1 exd5 23. Ng5 Kf8 24. f4 Qb6+ 25. Qe3 Qxe3+ 26. Rxe3 Nc6 27. Kf1 Bxc3 28. Bxb5 Bd4 29. Bxc6 Bxe3 30. Rxd5 Bxf4 31. Nf3 Ke8 32. Bxd7+ Rxd7 33. Ra5 Rh6 0-1

[Event "Krakow POL, Ekstraliga 2020"]
[Site "Krakow POL"]
[Date "2020.09.03"]
[Round "9.2"]
[White "Golubka, Petro"]
[Black "Kempinski, Robert"]
[Result "1/2-1/2"]
[WhiteElo "2495"]
[BlackElo "2568"]
[WhiteFideId "-1"]
[BlackFideId "-1"]
[PlyCount "31"]
[GameId "2130307593748241"]
[EventDate "2020.08.26"]
[EventType "team-tourn"]
[EventRounds "9"]
[EventCountry "POL"]
[SourceTitle "10 Days #626"]
[Source "ChessMix"]
[SourceDate "2020.09.10"]
[SourceVersion "1"]
[SourceVersionDate "2020.09.10"]
[SourceQuality "1"]
[WhiteTeam "KSz Hetman Plock"]
[BlackTeam "KSz Miedz Legnica"]

1. e4 c5 2. Nf3 Nc6 3. d4 cxd4 4. Nxd4 e6 5. Nc3 a6 6. Qd3 Nxd4 7. Qxd4 b5 8. Be3 Bb7 9. f3 Rc8 10. O-O-O Bc5 11. Qd3 Bxe3+ 12. Qxe3 Ne7 13. Qd4 f6 14. Bd3 Qc7 15. Kb1 Qc5 16. Qxc5 1/2-1/2

[Event "Ustron op-A"]
[Site "Ustron POL"]
[Date "2020.08.15"]
[Round "1.4"]
[White "Kokoszczynski, Jan"]
[Black "Golubka, Petro"]
[Result "0-1"]
[WhiteElo "2265"]
[BlackElo "2495"]
[WhiteFideId "-1"]
[BlackFideId "-1"]
[PlyCount "68"]
[GameId "2130307594136254"]
[EventDate "2020.08.15"]
[EventType "swiss"]
[EventRounds "9"]
[EventCountry "POL"]
[SourceTitle "10 Days #625"]
[Source "ChessMix"]
[SourceDate "2020.09.01"]
[SourceVersion "1"]
[SourceVersionDate "2020.09.01"]
[SourceQuality "1"]

1. d4 c5 2. d5 e6 3. c4 exd5 4. cxd5 d6 5. Nc3 Be7 6. e4 Bf6 7. f4 Bxc3+ 8. bxc3 Qh4+ 9. g3 Qe7 10. Bd3 Nf6 11. Qe2 O-O 12. Nf3 Re8 13. e5 Bg4 14. O-O Nbd7 15. c4 dxe5 16. fxe5 Bxf3 17. Qxf3 Nxe5 18. Qd1 Nxd3 19. Qxd3 Qe4 20. Qc3 Ng4 21. Bb2 Qe3+ 22. Qxe3 Nxe3 23. Rf4 g5 24. Rf2 Nxc4 25. Bf6 h6 26. h4 Nd6 27. hxg5 Ne4 28. Rh2 Nxf6 29. gxf6 Kh7 30. Rc1 b6 31. Rc4 Re1+ 32. Kf2 Re5 33. Kf3 Rxd5 34. Ke4 Rad8 0-1